LDR 00742naa#a2200181#i#450# 001 EN\\bibl\117128 005 20260429130925.3 011 ## _a1994-4683 100 ## _a20260429b2026####ek#y0engy0150####ca 102 ## _aRU 200 1# _aApplication of suspension training systems in swimmer preparation during the stage of sports mastery improvement _eJournal article 210 1# _aMoscow _cNational State University of Physical Education, Sports and Health named after P.F. Lesgaft _d2026 215 ## _a8 с. 608 ## _aJournal article _2local 675 ## _aПлавание без вспомогательных средств. 797.21 _z 700 #1 _aAlekseeva _gAnastasiya Sergeevna 700 #1 _aPis'mennyy _gAleksandr Petrovich 856 4# _auchzapiski.lesgaft.spb.ru _u